000 00458nam a22001817a 4500
003 NUST
005 20220823191838.0
008 220823b ||||| |||| 00| 0 eng d
020 _a9780745317335
038 _aAzhar
082 _a305.4201
_bHOO
100 _a hooks, bell
_998426
245 _aFeminism is for everybody : passionate politics
_c Bell hooks
260 _aLondon
_bPluto press
_c2000
300 _a123p
563 _aPB
942 _2ddc
_cLC
999 _c591296
_d591296